Fluctuations and order : (Record no. 12151)
[ view plain ]
| 000 -LEADER | |
|---|---|
| fixed length control field | 01299cam a2200313 a 4500 |
| 001 - CONTROL NUMBER | |
| control field | 673374 |
| 005 - DATE AND TIME OF LATEST TRANSACTION | |
| control field | 20080307104853.0 |
| 008 - FIXED-LENGTH DATA ELEMENTS--GENERAL INFORMATION | |
| fixed length control field | 951002s1996 nyua b 001 0 eng |
| 010 ## - LIBRARY OF CONGRESS CONTROL NUMBER | |
| LC control number | 95044878 |
| 020 ## - INTERNATIONAL STANDARD BOOK NUMBER | |
| International Standard Book Number | 0387946020 (New York : hardcover : acidfree ppaer) |
| 040 ## - CATALOGING SOURCE | |
| Original cataloging agency | DLC |
| Transcribing agency | DLC |
| Modifying agency | DLC |
| 050 00 - LIBRARY OF CONGRESS CALL NUMBER | |
| Classification number | Q172.5.C45 |
| Item number | M54 1996 |
| 082 00 - DEWEY DECIMAL CLASSIFICATION NUMBER | |
| Classification number | 003.85 |
| Edition number | 20 |
| Item number | FLU |
| 245 00 - TITLE STATEMENT | |
| Title | Fluctuations and order : |
| Remainder of title | the new synthesis / |
| Statement of responsibility, etc | Mark Millonas, editor. |
| 260 ## - PUBLICATION, DISTRIBUTION, ETC. (IMPRINT) | |
| Place of publication, distribution, etc | New York : |
| Name of publisher, distributor, etc | Springer, |
| Date of publication, distribution, etc | c1996. |
| 300 ## - PHYSICAL DESCRIPTION | |
| Extent | xx, 454 p. : |
| Other physical details | ill. ; |
| Dimensions | 24 cm. |
| 500 ## - GENERAL NOTE | |
| General note | "Institute for Nonlinear Science." |
| 504 ## - BIBLIOGRAPHY, ETC. NOTE | |
| Bibliography, etc | Includes bibliographical references and index. |
| 650 #0 - SUBJECT ADDED ENTRY--TOPICAL TERM | |
| Topical term or geographic name as entry element | Chaotic behavior in systems. |
| 9 (RLIN) | 7365 |
| 650 #0 - SUBJECT ADDED ENTRY--TOPICAL TERM | |
| Topical term or geographic name as entry element | Noise. |
| 9 (RLIN) | 7366 |
| 650 #0 - SUBJECT ADDED ENTRY--TOPICAL TERM | |
| Topical term or geographic name as entry element | Fluctuations (Physics) |
| 9 (RLIN) | 7367 |
| 650 #0 - SUBJECT ADDED ENTRY--TOPICAL TERM | |
| Topical term or geographic name as entry element | Order-disorder models. |
| 9 (RLIN) | 7368 |
| 700 1# - ADDED ENTRY--PERSONAL NAME | |
| Personal name | Millonas, Mark. |
| 9 (RLIN) | 7369 |
| 710 2# - ADDED ENTRY--CORPORATE NAME | |
| Corporate name or jurisdiction name as entry element | Institute for Nonlinear Science. |
| 9 (RLIN) | 7370 |
| 856 42 - ELECTRONIC LOCATION AND ACCESS | |
| Materials specified | Publisher description |
| Uniform Resource Identifier | <a href="http://www.loc.gov/catdir/enhancements/fy0815/95044878-d.html">http://www.loc.gov/catdir/enhancements/fy0815/95044878-d.html</a> |
| 942 ## - ADDED ENTRY ELEMENTS (KOHA) | |
| Source of classification or shelving scheme | Dewey Decimal Classification |
| Item type | Book - Borrowing |
| Withdrawn status | Item status | Source of classification or shelving scheme | Damaged status | Not for loan | Vendor | Home library | Current library | Shelving location | Date acquired | Source of acquisition | Cost, normal purchase price | Serial Enumeration / chronology | Total Checkouts | Full call number | Barcode | Date last seen | Koha item type |
|---|---|---|---|---|---|---|---|---|---|---|---|---|---|---|---|---|---|
| Dewey Decimal Classification | Alahram | Central Library | Central Library | Lower Floor | 01/07/2009 | 231.70 | 72 | 003.85 FLU | 000016713 | 15/07/2025 | Book - Borrowing |